Szczegóły MARC21

Kultura popularna i (re)konstrukcje tożsamości : praca zbiorowa /

003 -Nazwa inst., której nr kontr. jest w polu 001 [,]
    • @
    • Nazwa instytucji, której n kontrolny jest w polu 001
    • NUKAT
005 -DATA I CZAS OSTATNIEJ MODYFIKACJI [,]
    • @
    • pole kontrolne
    • 20241231102432.0
020 -Międzynarod. znormalizowany nr książki - ISBN [ , ]
    • a
    • Numer ISBN
    • 9788391756386 Find
040 -Instytucja sporządzająca opis [ , ]
    • a
    • Instytucja, która sporządziła opis (NP)
    • SZCZ M/ESZ
    • b
    • Język katalogowania
    • pol
    • e
    • Zasady katalogowania
    • rda
    • c
    • Instytucja, która sporządziła rekord (NP)
    • SZCZ M/ESZ
    • d
    • Instytucja, która zmodyfikowała rekord (P)
    • POZN U/MDs
    • d
    • Instytucja, która zmodyfikowała rekord (P)
    • SZCZ U/JS
041 -Język dokumentu [1, ]
    • a
    • Język tekstu (P)
    • polski
    • h
    • Język tekstu oryginalnego i/lub pośredniego (P)
    • angielski
942 -Rodzaj dokumentu [ , ]
    • c
    • Rodzaj dokumentu
    • Książka
245 -Strefa tytułu i oznaczenia odpowiedzialności [0,0]
    • a
    • Tytuł
    • Kultura popularna i (re)konstrukcje tożsamości : Find
    • b
    • Ciąg dalszy tytułu (NP)
    • praca zbiorowa / Find
    • c
    • Pozostałe elementy strefy tytułu i oznaczenia odpowiedzialności (NP)
    • pod redakcją Agnieszki Gromkowskiej-Melosik.
260 -Strefa adresu wydawniczego [ , ]
    • a
    • Miejsce wydania (P)
    • Poznań ;
    • a
    • Miejsce wydania (P)
    • Leszno :
    • b
    • Nazwa wydawcy (P)
    • Wyższa Szkoła Humanistyczna,
    • c
    • Data wydania (P)
    • 2007.
300 -Strefa opisu fizycznego [ , ]
    • a
    • Określenie formy książki i/lub objętość (NP)
    • 515 stron ;
    • c
    • Format (NP)
    • 24 cm.
336 -Typ zawartości [ , ]
    • a
    • Termin opisujący typ zawartości
    • Tekst
    • b
    • Kod określający zawartość
    • txt
    • 2
    • Źródło (terminu i kodu)
    • rdacontent
337 -Typ mediów [ , ]
    • a
    • Tryb odtwarzania
    • Bez urządzenia pośredniczącego
    • b
    • Kod typu mediów
    • n
    • 2
    • Źródło (terminu i kodu)
    • rdamedia
338 -Typ/rodzaj nośnika [ , ]
    • a
    • Hasło opisujące typ nośnika
    • Wolumin
    • b
    • Kod typu nośnika
    • nc
    • 2
    • Źródło (terminu i kodu)
    • rdacarrier
490 -Strefa serii i książki wielotomowej - forma nie do wyszukiwania [1, ]
    • a
    • Tytuł (P)
    • Studia i Monografie Wyższej Szkoły Humanistycznej w Lesznie Find
830 -Hasło dodatkowe serii i opisu książki wielotomowej - tytuł ujednolicony/tytuł [ ,0]
    • a
    • Tytuł ujednolicony/tytuł (NP)
    • Studia i Monografie Wyższej Szkoły Humanistycznej w Lesznie
    • 9
    • KHW
    • 25585
504 -Uwaga dot. bibliogr. załącznikowej [ , ]
    • a
    • Uwaga dot. bibliografii załącznikowej
    • Bibliografia przy niektórych referatach.
546 -Uwaga dot. języka [ , ]
    • a
    • Uwaga dot. języka
    • Część referatów tłumaczona z angielskiego.
650 -Hasło przedmiotowe [ ,7]
    • a
    • Hasło przedmiotowe
    • Kultura masowa.
    • 2
    • Źródło terminu
    • kaba
    • 9
    • KHW
    • 116411
650 -Hasło przedmiotowe [ ,7]
    • a
    • Hasło przedmiotowe
    • Tożsamość płciowa
    • x
    • Określnik rzeczowy
    • aspekt antropologiczny.
    • 2
    • Źródło terminu
    • kaba
    • 9
    • KHW
    • 383537
650 -Hasło przedmiotowe [ ,7]
    • a
    • Hasło przedmiotowe
    • Tożsamość społeczna.
    • 2
    • Źródło terminu
    • kaba
    • 9
    • KHW
    • 143088
700 -Hasło dodatkowe - nazwa osobowa [1, ]
    • a
    • Nazwa osobowa (NP)
    • Gromkowska-Melosik, Agnieszka. Find
    • e
    • Określenie rodzaju współpracy
    • Redakcja
    • 9
    • KHW
    • 24121
710 -Hasło dodatkowe - nazwa ciała zbiorowego [2, ]
    • a
    • Nazwa ciała zbiorowego lub nazwa geograficzna jako pierwszy element (NP)
    • Wyższa Szkoła Humanistyczna im. Króla Stanisława Leszczyńskiego (Leszno).
    • e
    • Rodzaj współpracy
    • Wydawca
    • 4
    • Kod relacji
    • pbl
    • 9
    • KHW
    • 61501
920 -ISBN [ , ]
    • a
    • ISBN
    • 978-83-917563-8-6 Find
Data inwentaryzacji Lokalizacja Status udost. Numer inwentarzowy
2009-11-19BG1Pd.20203
2024-07-02BNS1H.37748